[Event "41st World U20 ch"]
[Site "Panaji IND"]
[Date "2002.12.20"]
[Round "13.12"]
[White "Darban, Varighan"]
[Black "Satyapragyan, Swayangsu"]
[Result "0-1"]
[WhiteElo "2310"]
[BlackElo "2436"]
[EventDate "2002.12.09"]
[PlyCount "84"]

1.e4 c5 2.Nf3 Nc6 3.d4 cxd4 4.Nxd4 e6 5.Nb5 d6 6.c4 Nf6 7.N1c3 a6 8.Nd4 
Qc7 9.Be2 Be7 10.Be3 Ne5 11.Rc1 b6 12.f4 Ned7 13.Bf3 Bb7 14.f5 e5 15.Nd5 
Qd8 16.Ne2 Bxd5 17.cxd5 Nc5 18.Nc3 a5 19.b3 Nfd7 20.Nb5 O-O 21.O-O Bg5 22.
Bxg5 Qxg5 23.Nxd6 Qh6 24.Nb5 Nxe4 25.Bxe4 Qe3+ 26.Kh1 Qxe4 27.Rc4 Qe3 28.
Qc1 Qxc1 29.Rfxc1 Nc5 30.Kg1 e4 31.Re1 Rae8 32.Nc3 Re5 33.Rd4 Rxf5 34.Nxe4
Re5 35.Re2 Rfe8 36.d6 f5 37.Nxc5 Rxe2 38.Nb7 Re1+ 39.Kf2 R8e2+ 40.Kf3 Re4 
41.Rd3 Rf1+ 42.Kg3 Re3+ 0-1

[Event "41st World U20 ch"]
[Site "Panaji IND"]
[Date "2002.12.20"]
[Round "13.13"]
[White "Poobesh Anand, Selvaraj"]
[Black "Bar, Roman"]
[Result "1/2-1/2"]
[WhiteElo "2351"]
[BlackElo "2413"]
[EventDate "2002.12.09"]
[PlyCount "44"]

1.d4 Nf6 2.c4 e6 3.Nc3 Bb4 4.e3 b6 5.Bd3 Bb7 6.f3 d5 7.cxd5 Nxd5 8.Bd2 O-O
9.Nxd5 Bxd2+ 10.Qxd2 Bxd5 11.Ne2 Nd7 12.O-O c5 13.Bb5 cxd4 14.Qxd4 Nf6 15.
Rfd1 Qe7 16.e4 e5 17.Qe3 Be6 18.a3 Rfd8 19.Rac1 Rxd1+ 20.Rxd1 Rd8 21.Rxd8+
Qxd8 22.Ba4 h6 1/2-1/2

[Event "41st World U20 ch"]
[Site "Panaji IND"]
[Date "2002.12.20"]
[Round "13.14"]
[White "Annaberdiev, Meilis"]
[Black "Bromberger, Stefan"]
[Result "1-0"]
[WhiteElo "2305"]
[BlackElo "2414"]
[EventDate "2002.12.09"]
[PlyCount "53"]

1.d4 d5 2.Nf3 Nf6 3.e3 g6 4.c4 Bg7 5.Nc3 O-O 6.Qb3 c6 7.Bd3 a6 8.a4 a5 9.
O-O e6 10.Rd1 Na6 11.e4 Nb4 12.Bb1 dxc4 13.Qxc4 Nd7 14.Bg5 Qe8 15.e5 h6 
16.Bh4 g5 17.Bg3 b6 18.Ne4 Ba6 19.Qb3 c5 20.h4 cxd4 21.hxg5 Nc5 22.Nxc5 
bxc5 23.gxh6 Bxh6 24.Be4 Be2 25.Re1 c4 26.Qa3 Bxf3 27.Qxf3 1-0

[Event "41st World U20 ch"]
[Site "Panaji IND"]
[Date "2002.12.20"]
[Round "13.15"]
[White "Jeremic, Veljko"]
[Black "Rohit, Gogineni"]
[Result "1/2-1/2"]
[WhiteElo "2487"]
[BlackElo "2319"]
[EventDate "2002.12.09"]
[PlyCount "160"]

1.d4 Nf6 2.c4 g6 3.Nc3 Bg7 4.e4 d6 5.f3 O-O 6.Be3 e5 7.Nge2 c6 8.d5 cxd5 
9.cxd5 a6 10.Qd2 b5 11.g4 h5 12.g5 Nh7 13.Rg1 Nd7 14.Nc1 f6 15.gxf6 Rxf6 
16.Be2 Nb6 17.b3 Bb7 18.Nd3 Rc8 19.Nb4 Kh8 20.Rc1 Nd7 21.Nc6 Bxc6 22.dxc6 
Rxc6 23.Nd5 Rxc1+ 24.Qxc1 Re6 25.Qc6 Nb8 26.Qb7 Nd7 27.Qxa6 Ndf6 28.Qxb5 
Nxd5 29.Qxd5 Nf8 30.a4 Qh4+ 31.Kd2 Qxh2 32.a5 Rf6 33.Rf1 Ne6 34.a6 Nf4 35.
Qb5 Bh6 36.a7 Rf8 37.Rf2 Qg1 38.Qa6 Nxe2 39.a8=Q Qc1+ 40.Kxe2 Qxe3+ 41.Kf1
Rxa8 42.Qxa8+ Kh7 43.Qb7+ Bg7 44.Qf7 Qc1+ 45.Kg2 Qg5+ 46.Kh2 Kh6 47.b4 
Qh4+ 48.Kg1 Bf6 49.Qf8+ Kh7 50.Qxd6 Qg5+ 51.Kf1 Qc1+ 52.Kg2 Qg5+ 53.Kh2 
Qh4+ 54.Kg1 Qg5+ 55.Kf1 Qc1+ 56.Ke2 Bh4 57.Rf1 Qc4+ 58.Qd3 Qxb4 59.Rb1 Qc5
60.Rb5 Qg1 61.Kd2 Bg5+ 62.Kc2 Bf4 63.Rb7+ Kh6 64.Kc3 Qe3 65.Qxe3 Bxe3 66.
Kc4 Kg5 67.Kd3 Bf4 68.Rb6 Bh2 69.Ke2 Bg1 70.Rc6 Bd4 71.Kf1 Kf4 72.Kg2 g5 
73.Rf6+ Ke3 74.Rg6 Kf4 75.Rf6+ Ke3 76.Rf5 g4 77.fxg4 hxg4 78.Kg3 Kxe4 79.
Kxg4 Kd3 80.Rxe5 Bxe5 1/2-1/2